000 00814nam a22002657a 4500
008 150714b xxu||||| |||| 00| 0 eng d
020 _a9027705240
020 _aVolume I: 9027705445
020 _aVolume II: 9027705453
020 _aVolume III: 9027705461
041 0 _aeng
080 _a658.4
100 1 _aMarschak, Jacob,
_d1898-1977.
245 1 0 _aEconomic information, decision, and prediction :
_cJacob Marschak.
260 _aDordrecht ;
_aBoston :
_bD. Reidel,
_c1974.
300 _a362 f. :
_bme il. ;
_c23 cm.
490 1 _aTheory and decision library ;
_vv. 7
505 _aIndex of names: f. 356-358
505 _aIndex of subjects: f.359-362
650 0 _aMarrja e vendimeve
650 0 _aOrganizimi
650 0 _aEkonomi
650 0 _aMatrmatike
942 _2udc
_cBK
999 _c1116
_d1116